000 00552nam a22001817a 4500
005 20260424125355.0
020 _a9789361103346
082 _a894.8113
_bHUX/T
100 _aHuxley, Aldous
_913849
240 _aTiiramiku Putu Ulakam
245 _aதீரமிகு புது உலகம் /
_cby ஆல்டஸ் ஹக்ஸ்லி ; Tr. by ஜி. குப்புசாமி
250 _a2nd
260 _aNagercovil:
_bKalachuvadu,
_c2026.
300 _a304p.
546 _aTamil
650 _aNovel
_913850
942 _2ddc
_cBK
999 _c758995
_d758995